000 00640nam a2200253Ia 4500
001 6051
005 20240113233900.0
007 ta
008 050624s1948 a g b000 u hin u
040 _aCotton College Assam
041 _ahin
082 _a891.433
_bP 916 M
100 _aPremchand, .
245 0 _aMansarovar (Bhag IV) /
_cPremchand.
_hTextual Documents
250 _a5th ed. /
260 _aBanarash :
_bSaraswti Press ,
_c1948.
300 _a303p. :
_bill ;
_c18cm .
653 _aHindi novel
653 _aHindi fiction
653 _aGen-Hindi
942 _2ddc
_cBK
999 _c6038
_d6038